Регионална библиотека "Любен Каравелов" - Русе

Изводи от Месечна Зорница за 1874-1881 (Запис номер 428526)

MARC детайли
000 -Лидер
Контролно поле с фиксирана дължина 01312nam a2200349 c 4500
003 - Код на организацията, давaща контролен номер
Контролно поле BLK
005 - Дата и час на последна редакция
Контролно поле 20210817080342.0
008 - Елементи от данни с фиксирана дължина
fixed length control field 180411b bul|||||r ||||||| ||bul||
040 ## - Източник на каталожния запис
Идентификатор на билиотеката - собственик на записа BLK
041 ## - Код за език
Код за езика на текст/звукозапис или на отделно заглавие Български
Код за езика КДБФ Български
080 ## - УДК
Текстов определител УДК Българска литература
УДК код - определител по УДК 821.163.2
УДК определител -92
УДК - код + определител 821.163.2-92
139 ## - Редно поле
Редна дума Изводи от Месечна Зорница за 1874-1881
245 10 - Сведения за заглавието
Заглавие Изводи от Месечна Зорница за 1874-1881
257 ## - Страна на издаване
Страна на създаване/издаване България
260 ## - Област на издателските данни
Име на издателя, разпространителя и проч. книгопеч. на А. Х. Бояджияна
Година на издаване 1882
Място на издаване, разпространение и проч. Цариград
300 ## - Физическа характеристика
Страници [4], 227 с.
Илюстрации и др. с ил.
Размери/Мащаб 21 см
380 ## - Жанр
Жанр Худож. лит.
490 ## - СЕРИИ (Колекции)
9 (RLIN) 435080
Име на серия Колекция Редки и ценни издания
852 ## - Местоположение
Форматна сигнатура Рб 882
Фондова буква Редки и ценни
856 4# - Електронен адрес и достъп
Електронен формат pdf - файл
856 4# - Електронен адрес и достъп
Електронен формат pdf - файл
999 ## - СИСТЕМНИ КОНТРОЛНИ НОМЕРА
Koha biblionumber 428526
Koha biblioitemnumber 428526
942 ## - АРТИКУЛИ
Вид на библиотечния материал Книги
Скрит в OPAC Не
Периодичен библиозапис Да
944 ## - СЪЗДАВАНЕ И РЕДАКЦИЯ на ЗАПИСА
Създаване/Редакция Създаване
Дата на регистрацията/редакция 2021-08-16
Служител, извършил регистрацията/редакцията НР
999 ## - СИСТЕМНИ КОНТРОЛНИ НОМЕРА
Koha biblioitemnumber 428526
Наличности
Код за отписване Код за изгубен артикул Източник на класификационната схема Код за повреда Коз за рестрикции Код за отдаване Артикулен № Име на библиотеката - собственик Име на библиотеката, в която се намира в момента Статус (Текущо местоположение) Дата на вписване в системата Местоположение - отдел Цена в лева Инвентарен номер Систематично азбучна сигнатура Баркод Цена в евро Служебен тип на артикула
  Не е изгубен Universal Decimal Classification Не е повреден само за читалня Специални фондове ( старопечатни, редки и ценни, фонд М. Арнаудов) 852284 Регионална библиотека "Любен Каравелов" Русе Регионална библиотека "Любен Каравелов" Русе Редки и ценни 2021-09-16 Редки и ценни 1.00 10024/57 Рб 882 900000074293 0.51 Книги
  Не е изгубен Universal Decimal Classification Не е повреден само за читалня Специални фондове ( старопечатни, редки и ценни, фонд М. Арнаудов) 853666 Регионална библиотека "Любен Каравелов" Русе Регионална библиотека "Любен Каравелов" Русе Редки и ценни 2021-09-21 Редки и ценни 0.18 11764 Рб 882 900000074596 0.09 Книги
Vip Innovations Ltd, Rousse, Bulgaria 2025